| 000 | 00345 a2200133 4500 | ||
|---|---|---|---|
| 001 | 90509 | ||
| 082 | _a891.4393 JAM | ||
| 090 |
_c42843 _d42843 |
||
| 100 | _aJames Henry | ||
| 245 |
_aHamin Charagh Hamin Parwanay _cHenry James _hUrdu |
||
| 260 |
_aLahore _bSang-e-Meel Publications _c2012 |
||
| 300 | _a376p. | ||
| 500 | _aGeneral Collection | ||
| 942 |
_aCAE NUST _k891.4393 JAM |
||
| 999 |
_c325582 _d325582 |
||